000 01129nam a2200265Ia 4500
003 OSt
005 20220930095052.0
006 a|||||r|||| 00| 0
007 ta
008 220926b |||||||| |||| 00| 0 hin d
024 _a71387
037 _cTheses
040 _aCRL
_cCRL
_bhin
041 _2hin
_ahin
100 _aगोस्वामी, नेहा, ले.
110 _aदिल्ली विश्वविद्यालय. शिक्षा संकाय. शिक्षा विभाग
_9556121
245 0 _aमहिला एवं पुरूष लेखन में परिलक्षित जेंडर संरचना
246 _aMahilā evan purūṣh lekhan mean parilakṣhit jeanḍar sanrachanā
260 _c2020
300 _a206पृ0
_ap.
_ccm.
650 _aशिक्षाशास्त्र
700 _aदिल्ली विश्वविद्यालय. शिक्षा संकाय. शिक्षा विभाग
_9556122
942 _cDIS
_2CC
999 _c888266
_d888266